000 00552nam a22002057a 4500
003 OSt
005 20140310182937.0
008 130201t xxu||||| |||| 00| 0 eng d
020 _a9711500825
050 _aQH 308.5
_b.R288 2003
082 _aFIL 574
_bR22 2003
245 _aBasic Concepts of Biological Science
_cRealuyo, Zenaida M.
260 _aQuezon City
_bKatha Publishing Co., Inc.
_c2003
300 _a177 p.
_c26 cm.
521 _acollege students
526 _c1210L-1700L
541 _j1
562 _e1
942 _2lcc
_cBK
_kFIL
999 _c17638
_d17638